All 50+ 'V' & 'Z' Boy Names that have ever ranked in the top 1000 (US) - Statistics

General Stats
  • This quiz has been taken 29 times
  • The average score is 29 of 84
Answer Stats
Highest Rank Male name % Correct
866 Vic
96%
74 Victor
96%
741 Von
96%
527 Val
92%
256 Van
92%
322 Vince
92%
61 Vincent
92%
317 Zack
92%
13 Zachary
88%
184 Zachery
88%
243 Zackary
88%
320 Zackery
88%
686 Zakary
88%
305 Zachariah
81%
647 Zechariah
81%
352 Vance
69%
273 Vern
62%
352 Verne
62%
550 Zain
62%
202 Zane
62%
246 Zayn
62%
377 Zayne
62%
614 Valentin
58%
412 Valentine
58%
65 Vernon
54%
237 Zander
54%
452 Valentino
50%
662 Zaid
50%
373 Zaiden
50%
684 Zayd
50%
185 Zayden
50%
610 Zeke
46%
125 Zion
42%
864 Zyon
42%
361 Vaughn
38%
513 Vivian
38%
504 Zeb
35%
907 Zen
31%
744 Vander
27%
739 Zavier
27%
684 Vincenzo
19%
885 Zaylen
19%
779 Vergil
15%
543 Vicente
15%
93 Virgil
15%
736 Virgle
15%
698 Zamir
15%
937 Zebulon
15%
951 Zymir
15%
983 Veer
12%
911 Vere
12%
522 Verner
12%
765 Virginia
12%
466 Zaire
12%
686 Zeno
12%
877 Zev
12%
683 Zyair
12%
299 Zyaire
12%
679 Verl
8%
852 Verle
8%
738 Viola
8%
321 Vito
8%
924 Verna
4%
968 Vernal
4%
905 Vernell
4%
505 Vernie
4%
926 Victoriano
4%
966 Vinson
4%
887 Vivaan
4%
757 Vollie
4%
875 Zigmund
4%
592 Verlin
0%
990 Verlon
0%
957 Verlyn
0%
578 Vester
0%
621 Vidal
0%
639 Vihaan
0%
930 Virge
0%
912 Virgie
0%
598 Volney
0%
754 Zahir
0%
603 Zakai
0%
934 Zenas
0%
684 Zollie
0%
No matching quizzes found
Score Distribution
Percent of People with Each Score
Percentile by Number Answered
Your Score History
You have not taken this quiz